| 000 | 00367nam a2200109 4500 | ||
|---|---|---|---|
| 008 | 160629b xxu||||| |||| 00| 0 eng d | ||
| 100 |
_91301 _a Goel, D.K., et al |
||
| 245 | _aProblems and Solutions in Analysis of Financial Statement - XII | ||
| 260 |
_aN.D _b Arya _c 2005 |
||
| 300 | _aProblems and Solutions in Analysis of Financial Statement - XII | ||
| 942 |
_2ddc _cBK |
||
| 999 |
_c1066 _d1066 |
||